000 00418nam a2200157Ia 4500
005 20250423100058.0
008 250422s9999 xx 000 0 und d
020 _a0- 256- 02209- 7
050 _aHF 5635 .G26/
100 _aRay H. Garrison
245 0 _aManagerial accounting concepts for planning, control, decision making
260 _bBusiness publications
260 _c1979
300 _a730 p
942 _cBK
999 _c32222
_d32222